A concise guide to tree / (Record no. 35811)
[ view plain ]
| 000 -LEADER | |
|---|---|
| fixed length control field | 00642nam a22001817a 4500 |
| 005 - DATE AND TIME OF LATEST TRANSACTION | |
| control field | 20100508110016.0 |
| 010 ## - LCCN (DPL NO) | |
| LC control number | B-368637 |
| 020 ## - INTERNATIONAL STANDARD BOOK NUMBER | |
| Terms of availability | 250.00 |
| 035 ## - SYSTEM CONTROL NUMBER | |
| System control number | B-368637 |
| 037 ## - SOURCE OF ACQUISITION | |
| Source of stock number/acquisition | Pansy Books |
| 100 ## - MAIN ENTRY--PERSONAL NAME | |
| Personal name | Linfoard, Jenny |
| 245 ## - TITLE STATEMENT | |
| Title | A concise guide to tree / |
| Statement of responsibility, etc | by Jenny Linfoard |
| 260 ## - PUBLICATION, DISTRIBUTION, ETC. (IMPRINT) | |
| Place of publication, distribution, etc | Bath |
| Name of publisher, distributor, etc | Parragon Books |
| Date of publication, distribution, etc | 2007 |
| 300 ## - PHYSICAL DESCRIPTION | |
| Extent | p. |
| Dimensions | cm. |
| 942 ## - ADDED ENTRY ELEMENTS (KOHA) | |
| Source of classification or shelving scheme | Dewey Decimal Classification |
| Item type | English Books |
| Call number suffix | LIN |
| Withdrawn status | Lost status | Not for loan | Home library | Current library | Date acquired | Source of acquisition | Cost, normal purchase price | Full call number | Barcode | Copy number | Cost, replacement price | Koha item type |
|---|---|---|---|---|---|---|---|---|---|---|---|---|
| Written-off vide DLB M. No. 383 dt 16.05.19 | Patel Nagar | Patel Nagar | 08/05/2010 | Pansy Books/982/27.1.10/3095/22.1.10/28.1.10 | 250.00 | LIN | B-368637 | 1 | 250.00 | English Books |
